Accounting for non-financial managers / (Record no. 739)
[ view plain ]
| 000 -LEADER | |
|---|---|
| fixed length control field | 01545cam a2200349 a 4500 |
| 003 - CONTROL NUMBER IDENTIFIER | |
| control field | CaOOAMICUS |
| 005 - DATE AND TIME OF LATEST TRANSACTION | |
| control field | 20210616134934.0 |
| 008 - FIXED-LENGTH DATA ELEMENTS--GENERAL INFORMATION | |
| fixed length control field | 030429s2003 onca 001 0 eng |
| 020 ## - INTERNATIONAL STANDARD BOOK NUMBER | |
| International Standard Book Number | 1553220579 (pbk.) |
| 040 ## - CATALOGING SOURCE | |
| Transcribing agency | CaOONL |
| 050 ## - LIBRARY OF CONGRESS CALL NUMBER | |
| Classification number | HF5657.4 |
| Item number | .P37 2003 |
| 055 01 - CLASSIFICATION NUMBERS ASSIGNED IN CANADA | |
| Classification number | HF5657.4 |
| 055 #1 - CLASSIFICATION NUMBERS ASSIGNED IN CANADA | |
| Classification number | HF5657.4 |
| Item number | P37 2003 |
| 090 ## - LOCALLY ASSIGNED LC-TYPE CALL NUMBER (OCLC); LOCAL CALL NUMBER (RLIN) | |
| Classification number (OCLC) (R) ; Classification number, CALL (RLIN) (NR) | 657 PAR |
| 100 1# - MAIN ENTRY--PERSONAL NAME | |
| Personal name | Parkinson, John M. |
| 245 10 - TITLE STATEMENT | |
| Title | Accounting for non-financial managers / |
| Statement of responsibility, etc. | John Parkinson. |
| 260 ## - PUBLICATION, DISTRIBUTION, ETC. | |
| Place of publication, distribution, etc. | Concord, Ont. : |
| Name of publisher, distributor, etc. | Captus Press, |
| Date of publication, distribution, etc. | c2003. |
| 300 ## - PHYSICAL DESCRIPTION | |
| Extent | vi, 268 pages : |
| Other physical details | illustrations ; |
| Dimensions | 24 cm. |
| 336 ## - CONTENT TYPE | |
| Content type term | text |
| Content type code | txt |
| Source | rdacontent |
| 337 ## - MEDIA TYPE | |
| Media type term | unmediated |
| Media type code | n |
| Source | rdamedia |
| 338 ## - CARRIER TYPE | |
| Carrier type term | volume |
| Carrier type code | nc |
| Source | rdacarrier |
| 500 ## - GENERAL NOTE | |
| General note | Includes index. |
| 650 #0 - SUBJECT ADDED ENTRY--TOPICAL TERM | |
| Topical term or geographic name entry element | Accounting. |
| 650 #0 - SUBJECT ADDED ENTRY--TOPICAL TERM | |
| Topical term or geographic name entry element | Managerial accounting. |
| 906 ## - LOCAL DATA ELEMENT F, LDF (RLIN) | |
| a | AB:0:19 |
| -- | ACD:5:15 |
| -- | AG:7:21 |
| -- | AL:0:3 |
| -- | AN:0:1 |
| -- | AP:4:11 |
| -- | BB:0:1 |
| -- | BF:0:5 |
| -- | BL:0:13 |
| -- | BR:2:6 |
| -- | BRW:2:19 |
| -- | BUR:6:11 |
| -- | CC:0:2 |
| -- | CE:8:16 |
| -- | CED:5:25 |
| -- | CH:0:1 |
| -- | CL:1:10 |
| -- | DM:1:8 |
| -- | DO:5:9 |
| -- | DP:2:14 |
| -- | DU:2:6 |
| -- | EA:0:1 |
| -- | ES:4:7 |
| -- | FH:2:0 |
| -- | FP:4:16 |
| -- | FV:6:26 |
| -- | GE:1:2 |
| -- | GHP:2:13 |
| -- | HB:0:4 |
| -- | HP:0:1 |
| -- | IL:0:1 |
| -- | JD:0:5 |
| -- | JO:4:0 |
| -- | KE:0:1 |
| -- | LE:0:2 |
| -- | LS:5:9 |
| -- | MAL:4:7 |
| -- | MAS:2:5 |
| -- | MCG:0:1 |
| -- | MD:0:2 |
| -- | MI:1:6 |
| -- | MRV:0:1 |
| -- | MS:1:7 |
| -- | ND:2:8 |
| -- | OV:0:3 |
| -- | PA:0:3 |
| -- | PK:3:10 |
| -- | PL:1:5 |
| -- | PR:11:40 |
| -- | PU:0:2 |
| -- | PV:3:10 |
| -- | RD:3:16 |
| -- | RI:2:12 |
| -- | RS:73:204 |
| -- | SA:0:1 |
| -- | ST:3:12 |
| -- | SWS:0:4 |
| -- | TH:2:11 |
| -- | TRL:0:3 |
| -- | VV:0:1 |
| -- | WS:5:14 |
| -- | YW:3:10 |
| -- | DIAL:0:1 |
| -- | BKONE:0:3 |
| -- | SJ:4:14 |
| 942 ## - ADDED ENTRY ELEMENTS (KOHA) | |
| Source of classification or shelving scheme | |
| Koha item type | Book |
| Suppress in OPAC | SO |
| 948 ## - LOCAL PROCESSING INFORMATION (OCLC); SERIES PART DESIGNATOR (RLIN) | |
| Series part designator, SPT (RLIN) | 16/02/2004 |
| b (OCLC) | 05/04/2004 |
| Withdrawn status | Lost status | Source of classification or shelving scheme | Damaged status | Not for loan | Permanent Location | Current Location | Shelving location | Date acquired | Total Checkouts | Full call number | Barcode | Date last seen | Date last checked out | Price effective from | Koha item type | Public note |
|---|---|---|---|---|---|---|---|---|---|---|---|---|---|---|---|---|
| AU LIBRARY | AU LIBRARY | Open Shelf | 16.06.2021 | 2 | HF5657.4 .P37 2003 | 28000229 | 04.04.2023 | 23.03.2023 | 16.06.2021 | Book | SO |